Metallica Music VIdeos Quiz - Statistics

General Stats
  • This quiz has been taken 370 times
    367 since last reset
  • The average score is 21 of 42
Answer Stats
Album Year Released Answer % Correct
...And Justice For All 1989 One
97%
Metallica (Black Album) 1991 Enter Sandman
95%
Master of Puppets 2013 Master of Puppets
92%
Metallica (Black Album) 1992 Nothing Else Matters
87%
Metallica (Black Album) 1991 The Unforgiven
85%
Ride the Lightning 1987 For Whom the Bell Tolls
81%
Metallica (Black Album) 1992 Sad but True
80%
St. Anger 2003 St. Anger
80%
Ride the Lightning 1993 Fade to Black
77%
Reload 1998 Fuel
77%
Metallica (Black Album) 1992 Wherever I May Roam
72%
Hardwired... To Self-Destruct 2016 Hardwired
66%
Load 1997 King Nothing
64%
Reload 1998 The Unforgiven II
63%
Garage Inc. 1999 Whiskey in the Jar
63%
St. Anger 2003 Frantic
58%
Reload 1997 The Memory Remains
57%
Load 1996 Until it Sleeps
56%
Death Magnetic 2008 The Day That Never Comes
54%
Hardwired... To Self-Destruct 2016 Moth into Flame
49%
Load 1996 Mama Said
46%
Hardwired... To Self-Destruct 2016 Atlas, Rise!
45%
St. Anger 2004 Some Kind of Monster
45%
Load 1996 Hero of the Day
41%
S&M 1999 No Leaf Clover
40%
Garage Inc. 1998 Turn the Page
40%
Hardwired... To Self-Destruct 2016 Spit Out the Bone
39%
Death Magnetic 2008 All Nightmare Long
38%
Hardwired... To Self-Destruct 2016 Halo on Fire
32%
Hardwired... To Self-Destruct 2016 Murder One
31%
Hardwired... To Self-Destruct 2016 Now That We're Dead
30%
Hardwired... To Self-Destruct 2017 Now That We're Dead (Video II)
30%
Hardwired... To Self-Destruct 2016 Am I Savage?
27%
Hardwired... To Self-Destruct 2016 Confusion
27%
Hardwired... To Self-Destruct 2016 ManUNkind
27%
Mission: Impossible 2 Soundtrack 2000 I Dissapear
26%
Hardwired... To Self-Destruct 2016 Dream No More
24%
Hardwired... To Self-Destruct 2016 Here Comes Revenge
24%
St. Anger 2004 The Unnamed Feeling
23%
Hardwired... To Self-Destruct 2016 Lords of Summer
21%
Death Magnetic 2009 Broken, Beat & Scarred
15%
Garage Inc. 1999 Die, Die My Darling
12%
No matching quizzes found
Score Distribution
Percent of People with Each Score
Percentile by Number Answered
Your Score History
You have not taken this quiz since the last reset